000 00670nam a2200217Ia 4500
003 GCL
008 140319s9999 xx 000 0 ara d
040 _aGCL /
_cGCL
082 0 4 _a213
_bع ا
100 1 _aمحمود على مراد
245 1 0 _aالاسلام المعاصر /
_cمحمود على مراد
260 _a[S.N] :
_bالهيئة المصرية العامة للكتاب ،
_c1994
300 _a198 ص
490 _a
650 0 4 _aالفلسفة الاسلامية
650 0 4 _aالاسلام
650 0 4 _aالاسلام والعلم
650 0 4 _aانتشار الاسلام
650 0 4 _aالوحدة الاسلامية
942 _2ddc
_cBK
999 _c33412
_d33412